|
|
|
|
| LEADER |
00000nam#a22000005a#4500 |
| 001 |
018279 |
| 005 |
20250217095401.0 |
| 008 |
061017t19971970mx############000#0#spa#d |
| 020 |
|
|
|a 9681602641 (t. 1)
|
| 020 |
|
|
|a 968160265X (obra completa)
|
| 040 |
|
|
|a AR-beUNQ
|
| 099 |
|
|
|a 35-A58
|
| 100 |
1 |
|
|a Anderson Imbert, Enrique
|d 1910-2000
|
| 245 |
0 |
2 |
|a Historia de la literatura hispanoamericana.
|b La colonia. Cien años de República
|c por Enrique Anderson Imbert.
|n I :
|
| 250 |
|
|
|a 2a. ed., corr. y aum., 10a. reimpr.
|
| 260 |
|
|
|a México, D. F. :
|b Fondo de Cultura Económica,
|c 1997.
|
| 300 |
|
|
|a 519 p. ;
|c 17 cm.
|
| 490 |
0 |
|
|a Brevarios ;
|v 89
|
| 650 |
|
7 |
|a Literatura (Arte)
|2 Spines
|
| 650 |
|
7 |
|a Historia contemporánea
|2 Spines
|
| 650 |
|
7 |
|a Literatura hispanoamericana
|2 Tell
|
| 651 |
|
7 |
|a España
|2 Spines
|
| 653 |
|
|
|a Siglo XV
|
| 653 |
|
|
|a Siglo XVI
|
| 653 |
|
|
|a Siglo XVII
|
| 653 |
|
|
|a Siglo XVIII
|
| 929 |
|
|
|a COMPRA
|b Intelecnia
|c Exp. 827-0221/06 1a. compra
|d 19,76
|e 20061005
|f PAT0013583
|j 39419
|
| 929 |
|
|
|a COMPRA
|b Intelecnia
|c Exp. 827-0221/06 1a. compra
|d 32,94
|e 20061005
|f PAT0013584
|j 39420
|
| 929 |
|
|
|a COMPRA
|b Intelecnia
|c Exp. 827-0221/06 1a. compra
|d 32,94
|e 20061006
|f PAT0013585
|j 39421
|
| 942 |
|
|
|c LIB
|n 0
|
| 999 |
|
|
|c 18468
|d 93855
|